| 000 | 00518nam a22001577a 4500 | ||
|---|---|---|---|
| 082 | _aT-74 | ||
| 100 |
_aTariq Abdullah, Major _948433 |
||
| 245 |
_aLoad transfer from high strength concrete columns through ordinary strength concrete slabs _cTariq Abdullah, Major |
||
| 260 |
_aRisalpur _bMCE _c2001 |
||
| 300 | _a79 P, : | ||
| 526 |
_a0 _b0 _c0 _dT_74 |
||
| 650 |
_aMaster of Science in Civil Engineering _948434 |
||
| 650 |
_aThesis _934811 |
||
| 700 |
_aLt Col (Dr) Khaliq ur Rashid Kayani _948435 |
||
| 942 |
_2ddc _cBK |
||
| 999 |
_c551385 _d551385 |
||